<?xml version="1.0" encoding="UTF-8"?>
<record
    xmlns:xsi="http://www.w3.org/2001/XMLSchema-instance"
    xsi:schemaLocation="http://www.loc.gov/MARC21/slim http://www.loc.gov/standards/marcxml/schema/MARC21slim.xsd"
    xmlns="http://www.loc.gov/MARC21/slim">

  <leader>01969nab a22002777a 4500</leader>
  <datafield tag="999" ind1=" " ind2=" ">
    <subfield code="c">5266</subfield>
    <subfield code="d">5266</subfield>
  </datafield>
  <controlfield tag="003">OSt</controlfield>
  <controlfield tag="005">20250209230352.0</controlfield>
  <controlfield tag="008">190603e        xxum|||| |||| 00| 0 spa d</controlfield>
  <datafield tag="040" ind1=" " ind2=" ">
    <subfield code="c">PJ</subfield>
  </datafield>
  <datafield tag="100" ind1=" " ind2=" ">
    <subfield code="9">4896</subfield>
    <subfield code="a">Rol&#xF3;n, Avelino</subfield>
  </datafield>
  <datafield tag="245" ind1="1" ind2="3">
    <subfield code="a">La partici&#xF3;n por donaci&#xF3;n y la valuaci&#xF3;n de los bienes :</subfield>
    <subfield code="b">un caso resuelto bajo el C&#xF3;digo Civil derogado. Su probable y diferente desenlace seg&#xFA;n el C&#xF3;digo Civil y Comercial. La perspectiva de g&#xE9;nero en el derecho sucesorio /</subfield>
    <subfield code="c">Avelino Rolon.</subfield>
  </datafield>
  <datafield tag="260" ind1=" " ind2=" ">
    <subfield code="c">Ciudad Aut&#xF3;noma de Buenos Aires :</subfield>
    <subfield code="a">Thomson Reuters La Ley, </subfield>
    <subfield code="b">2025.</subfield>
  </datafield>
  <datafield tag="300" ind1=" " ind2=" ">
    <subfield code="a">p. 244-251.</subfield>
  </datafield>
  <datafield tag="500" ind1=" " ind2=" ">
    <subfield code="a">Cita Online: TR LALEY AR/DOC/57/2025.
Publicado en: RCCyC 2025 (febrero) , 244.</subfield>
  </datafield>
  <datafield tag="505" ind1=" " ind2=" ">
    <subfield code="a"> Sumario: I. Introducci&#xF3;n.&#x2014; II. Los hechos del caso.&#x2014; III. La partici&#xF3;n por ascendientes. Variantes: por testamento y por donaci&#xF3;n.&#x2014; IV. La justicia de la decisi&#xF3;n a la luz de la regla de valuaci&#xF3;n de los bienes en la partici&#xF3;n por donaci&#xF3;n seg&#xFA;n el C&#xF3;d. Civil. Algunos elementos de hecho que no habr&#xED;an sido probados y que podr&#xED;an haber conducido a una soluci&#xF3;n diferente (cuesti&#xF3;n de g&#xE9;nero aparte).&#x2014; V. &#xBF;Cu&#xE1;l ser&#xED;a la soluci&#xF3;n bajo el C&#xF3;d. Civ. y Com.? &#xBF;Cu&#xE1;ndo se val&#xFA;an los bienes en una partici&#xF3;n por donaci&#xF3;n?&#x2014; VI. La perspectiva de g&#xE9;nero.&#x2014; VII. Conclusiones. </subfield>
  </datafield>
  <datafield tag="505" ind1=" " ind2=" ">
    <subfield code="a">Fallo Comentado:  SC Mendoza, sala I ~ 05/08/2024 ~ Z., M. C. c. Z., J.A. y otros s/ acciones sucesorias s/ recurso extraordinario provincial.</subfield>
  </datafield>
  <datafield tag="505" ind1=" " ind2=" ">
    <subfield code="t">&#xBF;Te interesa el texto completo? Solicitalo al correo: koha@justierradelfuego.gov.ar</subfield>
  </datafield>
  <datafield tag="650" ind1=" " ind2="0">
    <subfield code="9">888</subfield>
    <subfield code="a">SUCESIONES</subfield>
  </datafield>
  <datafield tag="650" ind1=" " ind2="0">
    <subfield code="9">1037</subfield>
    <subfield code="a">HERENCIA</subfield>
  </datafield>
  <datafield tag="650" ind1=" " ind2="0">
    <subfield code="9">4553</subfield>
    <subfield code="a">PARTICION DE LA HERENCIA</subfield>
  </datafield>
  <datafield tag="650" ind1=" " ind2="0">
    <subfield code="9">4044</subfield>
    <subfield code="a">PERSPECTIVA DE G&#xC9;NERO</subfield>
  </datafield>
  <datafield tag="650" ind1=" " ind2="0">
    <subfield code="9">1679</subfield>
    <subfield code="a">SOCIEDAD DE FAMILIA</subfield>
  </datafield>
  <datafield tag="653" ind1=" " ind2=" ">
    <subfield code="a">PROCESO SUCESORIO</subfield>
  </datafield>
  <datafield tag="773" ind1="0" ind2=" ">
    <subfield code="0">2713</subfield>
    <subfield code="9">3170</subfield>
    <subfield code="d">Ciudad Aut&#xF3;noma de Buenos Aires : Thomson Reuters La Ley, 2015-</subfield>
    <subfield code="t">Revista C&#xF3;digo Civil y Comercial. N&#xBA; 1 - Febrero 2025</subfield>
  </datafield>
  <datafield tag="942" ind1=" " ind2=" ">
    <subfield code="2">udc</subfield>
    <subfield code="c">ANA</subfield>
  </datafield>
</record>
